000 01242cam a2200325 a 4500
001 3437
003 FISKH
005 20240305145634.0
008 110405s2010 nyua j 000 1 eng
010 _a 2011288837
020 _a9781423128618
040 _aDLC
_cDLC
_beng
042 _apcc
050 0 0 _aPZ7
_b.F915735 2010
082 0 0 _a[E]
_222
100 _aAnonymous
245 0 0 _aFriends stick together :
_bA sticker storybook /
260 _aNew York :
_bDisney Press,
_c2010.
300 _a12 unnumbered pages :
_bcolor illustrations ;
_c26 cm
500 _aCover title.
500 _a101 reusable vinyl stickers, for use according to directions in the text, are on eight sheets, four each in pockets on fold-out p. [2] and [3] of cover.
505 _aG
520 _aReaders will enjoy re-creating moments from the film, or creating their own scenes with this exciting vinyl sticker book. Each spread features a background on which some of the more than 100 included vinyl stickers can be placed.
521 8 _a380
_bLexile estimate
521 8 _aG
_bRaz-Plus
650 0 _aToy and movable books
_vSpecimens.
906 _a7
_bcbc
_corignew
_d2
_encip
_f20
_gy-gencatlg
942 _2ddc
_cBK
_n0
999 _c3437
_d3437